[Event "IX Festival Ducale A"]
[Site "Genova ITA"]
[Date "2001.11.25"]
[Round "9"]
[White "Zemerov, Vladimir"]
[Black "Nelli, Luca"]
[Result "1/2-1/2"]
[WhiteElo "2316"]
[BlackElo "2155"]
[PlyCount "108"]
[EventDate "2001.11.19"]

1. e4 e5 2. Nf3 f5 3. Nxe5 Qf6 4. d4 d6 5. Nc4 fxe4 6. Ne3 c6 7. c4 Qg6 8. Nd2
Nf6 9. Qc2 Na6 10. a3 Be7 11. f3 exf3 12. Qxg6+ hxg6 13. Nxf3 Bf5 14. Nxf5 gxf5
15. Bd3 Ne4 16. Bxe4 fxe4 17. Ng5 d5 18. cxd5 cxd5 19. O-O Bf6 20. Be3 Nc7 21.
Rac1 Kd7 22. Rf5 Raf8 23. Rcf1 Ke7 24. Nh3 g6 25. Rxf6 Rxf6 26. Bg5 Rhf8 27.
Nf4 Kd6 28. Bxf6 Rxf6 29. h4 Ne6 30. Ne2 Rxf1+ 31. Kxf1 Ke7 32. Kf2 Kf6 33. g4
Nc7 34. Nc3 Kf7 35. Ke3 Ke6 36. Kf4 Kf6 37. g5+ Ke6 38. Kg4 Kf7 39. a4 b6 40.
Kf4 Ke6 41. Kg4 Kf7 42. Nd1 b5 43. a5 Ne6 44. Ne3 Nxd4 45. Nxd5 Ke6 46. Nf4+
Kf7 47. Ng2 Nb3 48. Kf4 Nxa5 49. Kxe4 Nc4 50. b4 a5 51. bxa5 Nxa5 52. Nf4 Nc4
53. Kd4 Nd2 54. Kc5 Nf3 1/2-1/2

[Event "V Weekend"]
[Site "Castelfidardo ITA"]
[Date "2001.11.17"]
[Round "1"]
[White "Fioravanti, Emidio"]
[Black "Marconi, Andrea"]
[Result "1-0"]
[WhiteElo "1720"]
[BlackElo "1417"]
[PlyCount "63"]
[EventDate "2001.11.17"]

1. e4 d6 2. d4 Nf6 3. Nc3 g6 4. Bc4 c6 5. h4 b5 6. Bd3 Na6 7. e5 dxe5 8. dxe5
Ng4 9. Qe2 Bg7 10. Nf3 Nb4 11. Bf4 Nxd3+ 12. cxd3 b4 13. Ne4 Qa5 14. Nd6+ exd6
15. exd6+ Be6 16. O-O Bxb2 17. Qxb2 Kd7 18. Rfe1 Rhe8 19. Ne5+ Nxe5 20. Rxe5
Qb6 21. Be3 Qb7 22. Bc5 a5 23. Rae1 Qb5 24. R1e3 f6 25. Rxe6 Rxe6 26. Rxe6 Kxe6
27. Qb3+ Kf5 28. d4 Qe2 29. Qh3+ Qg4 30. Qd3+ Qe4 31. g4+ Kf4 32. Qg3# 1-0

[Event "V Weekend"]
[Site "Castelfidardo ITA"]
[Date "2001.11.17"]
[Round "1"]
[White "Marinucci, Johnny"]
[Black "Padovani, Alessio"]
[Result "0-1"]
[WhiteElo "1401"]
[BlackElo "1704"]
[PlyCount "106"]
[EventDate "2001.11.17"]

1. d4 f5 2. Nf3 e6 3. Bf4 Nf6 4. e3 d5 5. h3 Bb4+ 6. c3 Bd6 7. Ne5 O-O 8. Be2
Nbd7 9. O-O Bxe5 10. Bxe5 Nxe5 11. dxe5 Ne4 12. Nd2 Qh4 13. Nxe4 Qxe4 14. Qd4
Qc2 15. Bd3 Qxb2 16. Rfb1 Qa3 17. Rb3 Qe7 18. c4 c6 19. cxd5 cxd5 20. Rc1 Qd8
21. Rb5 b6 22. Rb3 Bb7 23. Qb2 Qe7 24. a4 Rac8 25. Rxc8 Bxc8 26. Rc3 Bb7 27.
Qc2 Rf7 28. Bb5 g5 29. Bc6 Kg7 30. Bxb7 Qxb7 31. Rc8 Re7 32. Qc6 Qxc6 33. Rxc6
f4 34. Kf1 Kg6 35. g3 fxg3 36. fxg3 Kf5 37. Ke2 Kxe5 38. Kd3 h5 39. Rc8 h4 40.
gxh4 gxh4 41. Rh8 Kd6 42. Rxh4 Kc5 43. Rg4 e5 44. Rg1 Kb4 45. Rg4+ e4+ 46. Kd4
Kxa4 47. Kxd5 b5 48. h4 b4 49. h5 b3 50. Rg1 b2 51. Rb1 Ka3 52. Kd6 Rh7 53. Ke6
Ka2 0-1

[Event "V Weekend"]
[Site "Castelfidardo ITA"]
[Date "2001.11.17"]
[Round "1"]
[White "Mircoli, Filippo"]
[Black "Fioravanti, Diego"]
[Result "1-0"]
[WhiteElo "1576"]
[BlackElo "1822"]
[PlyCount "69"]
[EventDate "2001.11.17"]

1. e4 b6 2. d4 Bb7 3. Nc3 e6 4. Bd3 c5 5. dxc5 Bxc5 6. Nf3 Nf6 7. Bg5 d6 8. O-O
h6 9. Bh4 Nc6 10. Na4 g5 11. Nxc5 bxc5 12. Bg3 e5 13. Bc4 Rb8 14. Bd5 Nxd5 15.
exd5 Ne7 16. c4 Bc8 17. b3 Ng6 18. Re1 g4 19. Nxe5 dxe5 20. Rxe5+ Kf8 21. Rh5
Rb6 22. Qd2 Kg7 23. Re1 Ne7 24. Qf4 Kg6 25. Rhe5 Rf6 26. Qe3 Nf5 27. Qe4 Ra6
28. Qxg4+ Qg5 29. Qe2 f6 30. Re8 Rxa2 31. Qe4 Kh7 32. h4 Qg7 33. Rxc8 Qd7 34.
Rc7 Qxc7 35. Qxf5+ 1-0

[Event "V Weekend"]
[Site "Castelfidardo ITA"]
[Date "2001.11.17"]
[Round "1"]
[White "Nagni, Marco"]
[Black "Bonoli, Luciano"]
[Result "1-0"]
[WhiteElo "1549"]
[BlackElo "1723"]
[PlyCount "43"]
[EventDate "2001.11.17"]

1. d4 d6 2. c4 g6 3. Nc3 Bg7 4. e4 Nf6 5. Nge2 O-O 6. Ng3 e5 7. d5 c5 8. Be2
Ne8 9. h4 h6 10. h5 g5 11. Bg4 Nd7 12. Be3 Nef6 13. Bf5 a6 14. Qd2 Ng4 15. Bxg4
Nb6 16. Bxc8 Nxc4 17. Qe2 Nxe3 18. Qxe3 Rxc8 19. Nf5 b5 20. Ne2 Qa5+ 21. Qd2
Qb6 22. Ne7+ 1-0

[Event "V Weekend"]
[Site "Castelfidardo ITA"]
[Date "2001.11.17"]
[Round "1"]
[White "Ragnini, Damiano"]
[Black "Morici, Marco"]
[Result "0-1"]
[WhiteElo "1296"]
[BlackElo "1627"]
[PlyCount "92"]
[EventDate "2001.11.17"]

1. e4 d6 2. d4 Nf6 3. Nc3 g6 4. h3 Bg7 5. Be3 c6 6. Qd2 O-O 7. g4 b5 8. f3 a5
9. h4 b4 10. Na4 Ba6 11. Bxa6 Nxa6 12. h5 Nd7 13. Bh6 e5 14. Bxg7 Kxg7 15. hxg6
hxg6 16. Qh6+ Kf6 17. Qh4+ Ke6 18. d5+ cxd5 19. exd5+ Kxd5 20. O-O-O+ Ke6 21.
g5 Qc7 22. f4 Rac8 23. Qh3+ Ke7 24. Qd3 Nac5 25. Nxc5 Nxc5 26. Qd5 Ne6 27. Rd2
Nxf4 28. Qb3 Rh8 29. Rh6 Rxh6 30. gxh6 Rh8 31. Qg3 Qc4 32. b3 Qc3 33. Qxc3 bxc3
34. Rh2 e4 35. Ne2 Nxe2+ 36. Rxe2 f5 37. Re3 Rxh6 38. Rxc3 Rh1+ 39. Kd2 f4 40.
Ke2 Rh2+ 41. Kf1 e3 42. Rc4 g5 43. Rc7+ Ke6 44. a4 f3 45. Kg1 Rg2+ 46. Kh1 e2
0-1

[Event "V Weekend"]
[Site "Castelfidardo ITA"]
[Date "2001.11.17"]
[Round "1"]
[White "Rinaudo, Andrea"]
[Black "Baleani, Emanuele"]
[Result "1-0"]
[WhiteElo "1822"]
[BlackElo "1572"]
[PlyCount "77"]
[EventDate "2001.11.17"]

1. e4 c5 2. Nf3 d6 3. d4 cxd4 4. Nxd4 Nf6 5. Nc3 a6 6. a4 e5 7. Nb3 Be6 8. Be2
Be7 9. O-O O-O 10. Kh1 Nc6 11. f4 exf4 12. Bxf4 Ne5 13. Nd4 Bg4 14. h3 Bxe2 15.
Qxe2 Rc8 16. Nf5 Re8 17. Bg5 Ng6 18. Nxe7+ Nxe7 19. Bxf6 gxf6 20. Rxf6 Ng6 21.
Nd5 Rc5 22. Qf2 Rxe4 23. Rxg6+ Kf8 24. Nf6 hxg6 25. Nxe4 Rf5 26. Qd4 Qh4 27.
Qxd6+ Kg7 28. Qd3 Rf4 29. Nd2 Rf2 30. Kg1 Rf4 31. Nf3 Qg3 32. Qc3+ Kh7 33. Rd1
Rxa4 34. h4 Rg4 35. Ng5+ Rxg5 36. hxg5 Qxg5 37. Rd3 Qc1+ 38. Kf2 Qf4+ 39. Rf3
1-0

[Event "V Weekend"]
[Site "Castelfidardo ITA"]
[Date "2001.11.17"]
[Round "1"]
[White "Rinaudo, Sergio"]
[Black "Damiani, Lorenzo"]
[Result "1-0"]
[WhiteElo "1768"]
[BlackElo "1549"]
[PlyCount "75"]
[EventDate "2001.11.17"]

1. d4 d5 2. Nf3 Nf6 3. e3 e6 4. Bd3 Nbd7 5. O-O c5 6. b3 Bd6 7. Bb2 O-O 8. c4
Re8 9. Nc3 dxc4 10. Bxc4 cxd4 11. Qxd4 Nb6 12. Bb5 Rf8 13. Rfd1 Be7 14. Qf4
Nbd5 15. Nxd5 exd5 16. Qe5 Be6 17. Ng5 Qb6 18. Be2 Bd6 19. Qc3 Rac8 20. Qd3 h6
21. Bxf6 hxg5 22. Bxg5 Qc7 23. f4 f6 24. Bh4 Qf7 25. Bf3 Bc5 26. Bf2 Qe8 27.
Bxd5 Bxd5 28. Qxd5+ Rf7 29. e4 Bxf2+ 30. Kxf2 Rc2+ 31. Kg1 Kf8 32. a4 Re7 33.
e5 Qc6 34. Qxc6 bxc6 35. Rac1 Rxc1 36. Rxc1 fxe5 37. fxe5 Rxe5 38. Rxc6 1-0

[Event "V Weekend"]
[Site "Castelfidardo ITA"]
[Date "2001.11.17"]
[Round "1"]
[White "Tittarelli, Adriano"]
[Black "Gaoni, Vincenzo"]
[Result "1/2-1/2"]
[WhiteElo "1551"]
[BlackElo "1800"]
[PlyCount "108"]
[EventDate "2001.11.17"]

1. d4 d5 2. Nf3 Bf5 3. Bg5 c6 4. e3 Qb6 5. Qc1 Nd7 6. Nbd2 Ngf6 7. c4 e6 8. c5
Qa5 9. a3 Be7 10. Be2 Ne4 11. b4 Qd8 12. Bf4 h6 13. h3 Bf6 14. Ra2 O-O 15. Nxe4
dxe4 16. Nd2 e5 17. dxe5 Bxe5 18. Bxe5 Nxe5 19. Nc4 Be6 20. Rd2 Qg5 21. Nxe5
Qxe5 22. O-O Qg5 23. Qc2 Bxh3 24. Qxe4 Rfe8 25. Qf3 Be6 26. Rfd1 Bb3 27. Rc1
Bd5 28. Qg4 Qe5 29. Rd4 Re6 30. Qf4 Rae8 31. Qxe5 Rxe5 32. Bc4 Bxc4 33. Rcxc4
R8e7 34. Rd8+ Kh7 35. Rcd4 Kg6 36. R8d6+ f6 37. Kf1 a5 38. Ke2 axb4 39. axb4
Re4 40. Kd3 Kf5 41. Kc4 g5 42. b5 cxb5+ 43. Kxb5 h5 44. Kb6 g4 45. Rxe4 Rxe4
46. Kxb7 h4 47. Rd5+ Re5 48. Rxe5+ Kxe5 49. c6 h3 50. c7 hxg2 51. c8=Q g1=Q 52.
Qc5+ Ke6 53. Qc4+ Kf5 54. Qf4+ Kg6 1/2-1/2

[Event "V Weekend"]
[Site "Castelfidardo ITA"]
[Date "2001.11.18"]
[Round "2"]
[White "Baleani, Emanuele"]
[Black "Bonoli, Luciano"]
[Result "0-1"]
[WhiteElo "1572"]
[BlackElo "1723"]
[PlyCount "78"]
[EventDate "2001.11.17"]

1. e4 d6 2. d4 Nf6 3. Nc3 g6 4. Nf3 Bg7 5. Be2 O-O 6. O-O e5 7. Bg5 exd4 8.
Nxd4 a6 9. Qd2 Re8 10. Bf3 Nbd7 11. Rad1 Ne5 12. Be2 Be6 13. Nxe6 fxe6 14. f4
Nf7 15. e5 dxe5 16. Qxd8 Raxd8 17. Rxd8 Rxd8 18. fxe5 Nxg5 19. exf6 Bf8 20. Bc4
b5 21. Bb3 b4 22. Ne2 Bc5+ 23. Kh1 Kf7 24. h4 Ne4 25. Nf4 Ng3+ 26. Kh2 Nxf1+
27. Kh3 Rd6 28. g4 Kxf6 29. g5+ Kf5 30. Nd3 Rxd3+ 31. cxd3 Nd2 32. Bc2 Bd4 33.
b3 Kf4 34. Bd1 Bg7 35. Bg4 Ke5 36. Kg2 h6 37. Kf2 hxg5 38. hxg5 c5 39. Ke2 Nb1
0-1

[Event "V Weekend"]
[Site "Castelfidardo ITA"]
[Date "2001.11.18"]
[Round "2"]
[White "Damiani, Lorenzo"]
[Black "Ragnini, Damiano"]
[Result "0-1"]
[WhiteElo "1549"]
[BlackElo "1296"]
[PlyCount "72"]
[EventDate "2001.11.17"]

1. d4 Nf6 2. c4 c5 3. d5 d6 4. Nc3 e6 5. e4 exd5 6. exd5 a6 7. a4 Be7 8. Bd3
Nbd7 9. Nf3 O-O 10. O-O h6 11. Re1 Re8 12. Nd2 Ne5 13. Bc2 Bg4 14. f3 Bh5 15.
Qe2 Bg6 16. Nce4 Nh5 17. g4 Nf4 18. Qf1 Bh7 19. Nb3 Bg5 20. Bxf4 Bxf4 21. Nc1
Qh4 22. Re2 Bxe4 23. Bxe4 Re7 24. Rg2 Rae8 25. Ne2 Be3+ 26. Kh1 Nxc4 27. Ng3
Nd2 28. Qd3 Nxe4 29. fxe4 Qg5 30. Nf5 Rxe4 31. Re1 Bd4 32. Rf1 Re1 33. Nxd6
Rxf1+ 34. Qxf1 Re7 35. h3 Qe3 36. Nf5 Qxh3+ 0-1

[Event "V Weekend"]
[Site "Castelfidardo ITA"]
[Date "2001.11.18"]
[Round "2"]
[White "Esposito, Salvatore"]
[Black "Rinaudo, Sergio"]
[Result "0-1"]
[WhiteElo "1659"]
[BlackElo "1768"]
[PlyCount "32"]
[EventDate "2001.11.17"]

1. e4 e5 2. Nf3 Nf6 3. d4 exd4 4. e5 Ne4 5. Qxd4 d5 6. Nc3 Bc5 7. Qxd5 Bxf2+ 8.
Ke2 Nxc3+ 9. bxc3 Qxd5 10. Kxf2 Qc5+ 11. Be3 Qxc3 12. Bd3 Nc6 13. Rad1 O-O 14.
Rhf1 Nxe5 15. Nxe5 Qxe5 16. Bd4 Qxd4+ 0-1

[Event "V Weekend"]
[Site "Castelfidardo ITA"]
[Date "2001.11.18"]
[Round "2"]
[White "Fioravanti, Diego"]
[Black "Tittarelli, Adriano"]
[Result "1/2-1/2"]
[WhiteElo "1822"]
[BlackElo "1551"]
[PlyCount "48"]
[EventDate "2001.11.17"]

1. e4 e6 2. d4 d5 3. Nc3 Nf6 4. Bg5 Bb4 5. e5 h6 6. Bd2 Bxc3 7. Bxc3 Ne4 8. Nf3
Nxc3 9. bxc3 b6 10. Bd3 Ba6 11. O-O Bxd3 12. Qxd3 Nd7 13. c4 dxc4 14. Qxc4 O-O
15. Rad1 Qc8 16. Rfe1 Re8 17. h3 c5 18. d5 exd5 19. Qxd5 Nf8 20. Nh4 Qe6 21.
Qxe6 Nxe6 22. Nf5 Rad8 23. Nd6 Re7 24. c3 Red7 1/2-1/2

[Event "V Weekend"]
[Site "Castelfidardo ITA"]
[Date "2001.11.18"]
[Round "2"]
[White "Marconi, Andrea"]
[Black "Recchi, Antonio"]
[Result "0-1"]
[WhiteElo "1417"]
[BlackElo "1669"]
[PlyCount "58"]
[EventDate "2001.11.17"]

1. Nf3 Nf6 2. b3 g6 3. Bb2 Bg7 4. e3 c5 5. Be2 Nc6 6. O-O d5 7. d4 b6 8. dxc5
bxc5 9. Nbd2 O-O 10. a3 Rb8 11. Rb1 Qd6 12. h3 Rd8 13. Qc1 e5 14. Rd1 Qe7 15.
c4 d4 16. e4 Nh5 17. Ne1 Nf4 18. Bf1 Bh6 19. Qc2 Bxh3 20. gxh3 Qg5+ 21. Kh1 d3
22. Qc1 Ne2 23. Nef3 Qh5 24. Bxe2 dxe2 25. Kg2 exd1=Q 26. Qxd1 Rd3 27. Bc1 Nd4
28. Qf1 Nxf3 29. Qxd3 Ne1+ 0-1

[Event "V Weekend"]
[Site "Castelfidardo ITA"]
[Date "2001.11.18"]
[Round "2"]
[White "Mircoli, Filippo"]
[Black "Fioravanti, Emidio"]
[Result "0-1"]
[WhiteElo "1576"]
[BlackElo "1720"]
[PlyCount "72"]
[EventDate "2001.11.17"]

1. e4 e5 2. Nf3 Nc6 3. Bb5 a6 4. Ba4 b5 5. Bb3 Bc5 6. O-O Qf6 7. Nc3 Nge7 8. d3
h6 9. Bd5 Bb7 10. Be3 Bb4 11. d4 d6 12. Bxc6+ Bxc6 13. d5 Bd7 14. h3 Bxc3 15.
bxc3 Qg6 16. Re1 Bxh3 17. Nh4 Qf6 18. Qh5 Bd7 19. g3 g6 20. Qe2 g5 21. Nf3 Bg4
22. Kg2 Ng6 23. Bd2 Ke7 24. Qd3 Rag8 25. Nh2 Bd7 26. c4 h5 27. Nf3 g4 28. Ng1
h4 29. a4 h3+ 30. Kh1 h2 31. Ne2 Qf3+ 32. Qxf3 gxf3 33. Ra3 fxe2 34. Rxe2 bxc4
35. Bc3 Nf4 36. Re1 Bh3 0-1

[Event "V Weekend"]
[Site "Castelfidardo ITA"]
[Date "2001.11.18"]
[Round "2"]
[White "Morici, Marco"]
[Black "Bruno, Fabio"]
[Result "0-1"]
[WhiteElo "1627"]
[BlackElo "2264"]
[PlyCount "82"]
[EventDate "2001.11.17"]

1. c4 c5 2. Nf3 e6 3. Nc3 Nf6 4. d4 cxd4 5. Nxd4 a6 6. e4 Qc7 7. a3 b6 8. Bd3
Bb7 9. O-O d6 10. Bg5 Nbd7 11. b4 h6 12. Be3 Ne5 13. Qe2 Rc8 14. Rac1 Nfg4 15.
f3 Nxe3 16. Qxe3 Nxd3 17. Qxd3 Qxc4 18. Qxc4 Rxc4 19. Rfd1 Be7 20. Na4 Rxc1 21.
Rxc1 Bd8 22. Nc6 Bxc6 23. Rxc6 Kd7 24. Rc2 b5 25. Nb2 Bb6+ 26. Kf1 Ra8 27. a4
Bd4 28. a5 Bxb2 29. Rxb2 Rc8 30. Ke2 Rc4 31. h3 Ke7 32. Ke3 Kf6 33. h4 g5 34.
hxg5+ hxg5 35. g4 Ke5 36. Rb3 f6 37. Kd2 d5 38. exd5 exd5 39. Ke2 Kf4 40. Kd2
d4 41. Ke2 Rc3 0-1

[Event "V Weekend"]
[Site "Castelfidardo ITA"]
[Date "2001.11.18"]
[Round "2"]
[White "Nagni, Marco"]
[Black "Giobbi, Costantino"]
[Result "1/2-1/2"]
[WhiteElo "1549"]
[BlackElo "1686"]
[PlyCount "99"]
[EventDate "2001.11.17"]

1. d4 Nf6 2. c4 e6 3. Nc3 d5 4. cxd5 exd5 5. Bg5 Be7 6. e3 O-O 7. Bd3 c6 8.
Nge2 Nh5 9. Bxe7 Qxe7 10. Ng3 Nf4 11. O-O Nxd3 12. Qxd3 f5 13. Rab1 a5 14. a3
Na6 15. f4 g6 16. Na4 Be6 17. Rbc1 Rfe8 18. Rfe1 Kg7 19. Nf1 b5 20. Nc5 Nxc5
21. Rxc5 Bd7 22. Nd2 a4 23. Nf3 Rec8 24. Qd2 Be8 25. Ne5 Rc7 26. Rec1 Rac8 27.
Qe1 Bd7 28. R1c2 h5 29. Qg3 Be8 30. Qe1 Bd7 31. Qc1 Be6 32. g3 Qd6 33. h4 Bd7
34. Kf2 Be8 35. Nd3 Bd7 36. Nb4 Be8 37. Nxd5 Rb7 38. Nb4 Rd8 39. Nxc6 Bxc6 40.
Rxc6 Qd5 41. Qg1 b4 42. axb4 Rxb4 43. Rc7+ Kh6 44. R7c5 Qa2 45. Kf3 Rxb2 46.
Rxb2 Qxb2 47. Qc1 Qa2 48. Qc2 Qa1 49. Ra5 Qf1+ 50. Qf2 1/2-1/2

[Event "V Weekend"]
[Site "Castelfidardo ITA"]
[Date "2001.11.18"]
[Round "2"]
[White "Padovani, Alessio"]
[Black "Rinaudo, Andrea"]
[Result "0-1"]
[WhiteElo "1704"]
[BlackElo "1822"]
[PlyCount "90"]
[EventDate "2001.11.17"]

1. c4 e5 2. g3 Nc6 3. Bg2 g6 4. Nc3 Bg7 5. e4 d6 6. Nge2 f5 7. d3 Nf6 8. Nd5
Nxd5 9. cxd5 Ne7 10. O-O O-O 11. Be3 c6 12. dxc6 bxc6 13. d4 fxe4 14. Bxe4 d5
15. Bg2 Ba6 16. Re1 Nf5 17. dxe5 Nxe3 18. fxe3 Bxe5 19. Nd4 Qd6 20. Nxc6 Bxb2
21. Qxd5+ Qxd5 22. Bxd5+ Kh8 23. Rab1 Bc3 24. Red1 Rae8 25. e4 Be2 26. Re1 Bd3
27. Nxa7 Bd4+ 28. Kg2 Rf2+ 29. Kh3 Bxb1 30. Rxb1 Bxa7 31. a4 h5 32. a5 Rc8 33.
Kh4 Be3 34. g4 Rxh2+ 35. Kg3 Rcc2 36. gxh5 gxh5 37. e5 Rcf2 38. Rb4 Kg7 39. e6
Kf6 40. e7 Kxe7 41. Re4+ Kd6 42. Bb7 Bg5 43. Rc4 Bf6 44. Rc6+ Ke7 45. Rc5 Bh4#
0-1

[Event "V Weekend"]
[Site "Castelfidardo ITA"]
[Date "2001.11.18"]
[Round "3"]
[White "Bonoli, Luciano"]
[Black "Mircoli, Filippo"]
[Result "1-0"]
[WhiteElo "1723"]
[BlackElo "1576"]
[PlyCount "63"]
[EventDate "2001.11.17"]

1. d4 Nf6 2. Nf3 d5 3. e3 e6 4. Bd3 Bd6 5. O-O O-O 6. b3 Nbd7 7. Bb2 c5 8. c4
dxc4 9. bxc4 b6 10. Nc3 a6 11. Qe2 Bb7 12. Rfd1 Qe7 13. Rac1 Rac8 14. d5 exd5
15. Nxd5 Nxd5 16. cxd5 Rfe8 17. Bxa6 Bxa6 18. Qxa6 Ra8 19. Qc4 Ra7 20. a3 Rea8
21. h3 Ra4 22. Qc3 f6 23. Qb3 R4a7 24. Rc4 Rb8 25. Nh4 g6 26. a4 Ne5 27. Bxe5
fxe5 28. Qc2 Re8 29. Nxg6 hxg6 30. Qxg6+ Qg7 31. Qxd6 Rf7 32. Rg4 1-0

[Event "V Weekend"]
[Site "Castelfidardo ITA"]
[Date "2001.11.18"]
[Round "3"]
[White "Bruno, Fabio"]
[Black "Rinaudo, Sergio"]
[Result "1/2-1/2"]
[WhiteElo "2264"]
[BlackElo "1768"]
[PlyCount "62"]
[EventDate "2001.11.17"]

1. b3 e5 2. c4 Nf6 3. Bb2 Nc6 4. e3 d5 5. cxd5 Nxd5 6. a3 Bd6 7. Qc2 O-O 8. d3
f5 9. Nf3 Be6 10. Nbd2 Qe7 11. b4 a6 12. Rc1 Bf7 13. Nb3 Rae8 14. Be2 Kh8 15.
O-O e4 16. dxe4 fxe4 17. Nfd2 Bxh2+ 18. Kxh2 Qh4+ 19. Kg1 Re6 20. Qc5 Rd8 21.
Nxe4 Rh6 22. f3 Qh2+ 23. Kf2 Qh4+ 24. g3 Qh2+ 25. Ke1 b6 26. Qxc6 Rxc6 27. Rxc6
Nxe3 28. Nd4 Nxf1 29. Kxf1 Qh1+ 30. Kf2 Qh2+ 31. Kf1 Qh1+ 1/2-1/2

[Event "V Weekend"]
[Site "Castelfidardo ITA"]
[Date "2001.11.18"]
[Round "3"]
[White "Fioravanti, Diego"]
[Black "Baleani, Emanuele"]
[Result "0-1"]
[WhiteElo "1822"]
[BlackElo "1572"]
[PlyCount "56"]
[EventDate "2001.11.17"]

1. e4 c5 2. Nf3 d6 3. d4 cxd4 4. Nxd4 Nf6 5. Nc3 a6 6. Bg5 e6 7. f4 Nbd7 8. Qf3
Be7 9. Bc4 Qc7 10. Bb3 b5 11. O-O-O Nc5 12. Rhe1 Bb7 13. Bxf6 Bxf6 14. Ncxb5
Qb6 15. Nxd6+ Qxd6 16. Nxe6 Nxb3+ 17. Qxb3 Qxe6 18. Qxb7 O-O 19. Qd5 Qg4 20. g3
Rad8 21. Qa5 Bxb2+ 22. Kxb2 Rxd1 23. Re3 Qh3 24. Qxa6 Qxh2 25. a4 Qd2 26. Qb6
Qc1+ 27. Kc3 Rc8+ 28. Kb4 Qxc2 0-1

[Event "V Weekend"]
[Site "Castelfidardo ITA"]
[Date "2001.11.18"]
[Round "3"]
[White "Fratini, Mauro"]
[Black "Gaoni, Vincenzo"]
[Result "1/2-1/2"]
[WhiteElo "1455"]
[BlackElo "1800"]
[PlyCount "63"]
[EventDate "2001.11.17"]

1. d4 d5 2. Nf3 Bf5 3. Bf4 c6 4. c3 Qb6 5. Qb3 Nd7 6. Nbd2 Ngf6 7. h3 h6 8. e3
e6 9. Be2 Be7 10. O-O Ne4 11. Nxe4 dxe4 12. Nd2 g5 13. Bg3 h5 14. f3 h4 15.
fxe4 Bxh3 16. gxh3 hxg3 17. Kg2 Qc7 18. e5 O-O-O 19. Rxf7 Rde8 20. Ne4 Kb8 21.
Qxe6 Nf8 22. Qb3 Ng6 23. Bg4 Nh4+ 24. Kxg3 Ng6 25. Raf1 Nxe5 26. dxe5 Qxe5+ 27.
Kf3 Ref8 28. Ke2 Qxe4 29. Rxf8+ Rxf8 30. Rxf8+ Bxf8 31. Bf3 Qe5 32. Bg4 1/2-1/2

[Event "V Weekend"]
[Site "Castelfidardo ITA"]
[Date "2001.11.18"]
[Round "3"]
[White "Marinucci, Johnny"]
[Black "Ragnini, Damiano"]
[Result "0-1"]
[WhiteElo "1401"]
[BlackElo "1296"]
[PlyCount "112"]
[EventDate "2001.11.17"]

1. d4 Nf6 2. Bf4 d6 3. h3 e6 4. e3 a6 5. Nf3 h6 6. Bd3 Nc6 7. c3 b5 8. Nbd2 d5
9. O-O Bd6 10. Ne5 Bb7 11. Bh2 Nd7 12. f4 Ncxe5 13. fxe5 Be7 14. Qh5 O-O 15.
Nf3 f5 16. Bg3 Qe8 17. Qxe8 Raxe8 18. Nh4 Bxh4 19. Bxh4 g5 20. Be1 Rf7 21. Bd2
Ref8 22. Rf2 c5 23. Raf1 c4 24. Be2 Kh7 25. Bh5 Rg7 26. g4 Nb6 27. gxf5 Nc8 28.
fxe6 Rxf2 29. Rxf2 Ne7 30. Rf7 Rxf7 31. exf7 Kg7 32. Kg2 Bc8 33. b3 Be6 34.
bxc4 bxc4 35. Bc1 Bxf7 36. Bg4 Bg6 37. Ba3 Nf5 38. Kf2 Kf7 39. Bf3 Ke6 40. e4
dxe4 41. Bxe4 Nh4 42. Bxg6 Nxg6 43. Kf3 Nf4 44. h4 Kf5 45. hxg5 hxg5 46. Bf8
Ne6 47. Bd6 Nf4 48. Be7 Nd5 49. Bb4 Nxb4 50. cxb4 c3 51. Ke2 g4 52. Kd3 g3 53.
Kxc3 g2 54. Kc4 g1=Q 55. Kd5 Qg2+ 56. Kc5 Qxa2 0-1

[Event "V Weekend"]
[Site "Castelfidardo ITA"]
[Date "2001.11.18"]
[Round "3"]
[White "Morici, Marco"]
[Black "Esposito, Salvatore"]
[Result "1/2-1/2"]
[WhiteElo "1627"]
[BlackElo "1659"]
[PlyCount "50"]
[EventDate "2001.11.17"]

1. c4 c5 2. Nf3 Nf6 3. Nc3 b6 4. g3 Bb7 5. Bg2 g6 6. O-O Bg7 7. e3 O-O 8. d4
cxd4 9. exd4 d5 10. Ne5 e6 11. cxd5 Nxd5 12. Nxd5 Bxd5 13. Bxd5 Qxd5 14. Bf4
Nc6 15. Nxc6 Qxc6 16. b3 Rac8 17. Rc1 Qd7 18. Be3 Rc6 19. Rxc6 Qxc6 20. Qd2 Rc8
21. Rd1 Qc2 22. d5 Qxd2 23. Rxd2 exd5 24. Rxd5 Bf8 25. Rd7 Ra8 1/2-1/2

[Event "V Weekend"]
[Site "Castelfidardo ITA"]
[Date "2001.11.18"]
[Round "3"]
[White "Recchi, Antonio"]
[Black "Nagni, Marco"]
[Result "1-0"]
[WhiteElo "1669"]
[BlackElo "1549"]
[PlyCount "29"]
[EventDate "2001.11.17"]

1. c4 e6 2. Nc3 Nf6 3. e4 d5 4. e5 d4 5. exf6 dxc3 6. bxc3 Qxf6 7. d4 Nc6 8.
Nf3 h6 9. Bd3 b6 10. Be4 Bb7 11. Qa4 O-O-O 12. Bxc6 Bxc6 13. Qxc6 Kb8 14. Ne5
Qe7 15. Qa4 1-0

[Event "V Weekend"]
[Site "Castelfidardo ITA"]
[Date "2001.11.18"]
[Round "3"]
[White "Rinaudo, Andrea"]
[Black "Fioravanti, Emidio"]
[Result "1-0"]
[WhiteElo "1822"]
[BlackElo "1720"]
[PlyCount "135"]
[EventDate "2001.11.17"]

1. e4 c5 2. Nf3 d6 3. d4 cxd4 4. Nxd4 Nf6 5. Nc3 g6 6. Be2 Bg7 7. Be3 O-O 8.
O-O Nc6 9. f4 a6 10. Qd2 Qc7 11. a4 Rd8 12. Rac1 Bd7 13. Bd3 Rac8 14. Nb3 e6
15. h3 Na5 16. Nxa5 Qxa5 17. Qf2 Rc6 18. Bd2 Qb6 19. Qxb6 Rxb6 20. b3 Rc6 21.
Ne2 Ne8 22. c4 Rdc8 23. g4 f5 24. gxf5 exf5 25. exf5 Bxf5 26. Bxf5 gxf5 27. Be3
b5 28. axb5 axb5 29. cxb5 Rxc1 30. Rxc1 Rb8 31. b6 Nf6 32. Bd4 Nd5 33. Rd1 Bh6
34. Kg2 Nxb6 35. Be3 Nc8 36. Rd3 Kf7 37. Kf3 Bg7 38. Bd2 Rb6 39. Ba5 Rc6 40. b4
Na7 41. Bd8 Nb5 42. Rd5 Nc3 43. Nxc3 Rxc3+ 44. Kg2 Ke6 45. Rb5 Rc4 46. Rb7 Bc3
47. b5 Rb4 48. b6 Bd4 49. Re7+ Kd5 50. b7 Bf6 51. Rd7 Bxd8 52. Rxd8 Rxb7 53.
Kf3 Re7 54. h4 Kc5 55. h5 d5 56. Rf8 d4 57. Rxf5+ Kc4 58. Rf8 Kc3 59. Rc8+ Kd2
60. Rd8 d3 61. f5 Kc2 62. Rc8+ Kd1 63. Rd8 d2 64. Kf4 Ke1 65. f6 Rf7 66. Ke5
d1=Q 67. Rxd1+ Kxd1 68. Ke6 1-0

[Event "V Weekend"]
[Site "Castelfidardo ITA"]
[Date "2001.11.18"]
[Round "3"]
[White "Tittarelli, Adriano"]
[Black "Padovani, Alessio"]
[Result "1-0"]
[WhiteElo "1551"]
[BlackElo "1704"]
[PlyCount "75"]
[EventDate "2001.11.17"]

1. d4 f5 2. c3 e6 3. Nf3 Nf6 4. Bg5 Be7 5. Nbd2 O-O 6. Bxf6 Bxf6 7. e4 fxe4 8.
Nxe4 b6 9. Bd3 Bb7 10. Qc2 g6 11. O-O-O d6 12. h4 Qe7 13. Rde1 Nd7 14. Neg5
Bxg5+ 15. Nxg5 Rf6 16. f3 Nf8 17. Re2 h6 18. Ne4 Bxe4 19. Bxe4 Rd8 20. Qb3 Kg7
21. Rhe1 Qd7 22. Bd3 c6 23. Re3 Re8 24. g3 b5 25. f4 a5 26. d5 a4 27. Qb4 Qc7
28. dxc6 Rb8 29. Be4 Rf7 30. Bc2 Qxc6 31. Bxa4 Rfb7 32. Bb3 d5 33. Kb1 Rd8 34.
Re5 Rbd7 35. Qd4 Kf7 36. h5 Qd6 37. hxg6+ Nxg6 38. Rxe6 1-0

[Event "V Weekend"]
[Site "Castelfidardo ITA"]
[Date "2001.11.24"]
[Round "4"]
[White "Baleani, Emanuele"]
[Black "Marinucci, Johnny"]
[Result "1-0"]
[WhiteElo "1572"]
[BlackElo "1401"]
[PlyCount "57"]
[EventDate "2001.11.17"]

1. e4 d6 2. d4 Nf6 3. Nc3 g6 4. Nf3 Bg7 5. Be2 O-O 6. O-O Nc6 7. Be3 Bg4 8. Qd2
Bxf3 9. Bxf3 e5 10. d5 Ne7 11. Ne2 Nd7 12. Ng3 Nf6 13. c4 b6 14. b4 Qd7 15. a4
a5 16. c5 axb4 17. cxb6 cxb6 18. Qxb4 Rab8 19. Bxb6 Nc8 20. a5 Nxb6 21. axb6
Rfd8 22. Rfc1 Qb7 23. Rc6 Bf8 24. Qc4 Ra8 25. Rb1 Rdc8 26. Be2 Nd7 27. Bg4 Rxc6
28. dxc6 Nxb6 29. cxb7 1-0

[Event "V Weekend"]
[Site "Castelfidardo ITA"]
[Date "2001.11.24"]
[Round "4"]
[White "Bonoli, Luciano"]
[Black "Bruno, Fabio"]
[Result "0-1"]
[WhiteElo "1723"]
[BlackElo "2264"]
[PlyCount "54"]
[EventDate "2001.11.17"]

1. c4 e6 2. Nc3 c5 3. Qb3 b6 4. e4 Nc6 5. Nf3 d6 6. a3 g6 7. g3 Bg7 8. d3 Nge7
9. Bg2 Ne5 10. Nxe5 dxe5 11. Qd1 Nc6 12. Be3 O-O 13. O-O Bb7 14. h4 h6 15. Qd2
Kh7 16. Rad1 Qe7 17. f4 exf4 18. Bxf4 Ne5 19. Qe2 Rad8 20. Be3 Ba6 21. Nb5 Nc6
22. Nc3 Rd7 23. Qf2 Rfd8 24. h5 g5 25. e5 Nxe5 26. Rde1 Ng4 27. Be4+ Kg8 0-1